000 01211cam a2200373Mi 4500
999 _c32060
_d32060
003 BJBSDDR
005 20230410105212.0
007 ta
008 070425s2006 sp 000 0 spa d
020 _a848240816X
020 _a9788482408163
035 _a(OCoLC)ocn470827769
035 _a(OCoLC)470827769
040 _aBDF
_bfre
_cBDF
041 _aspa
050 1 4 _aHV 4998
_bD784 2006
082 0 0 _a362.29
245 0 0 _aDrogas y adicciones en la sociedad actual /
_cFrancisca López Ríos (coordinadora) ; Serafín Gómez Martín ... [et. al.].
260 _aAlmería :
_bUniversidad de Almería,
_c2006.
300 _a187 p. ;
_c24 cm.
440 0 _aMonografías.
_pPsicología ;
_v2
504 _aIncluye bibliografía.
650 7 _aToxicomanie
_xAspect psychologique.
_2ram
650 7 _aToxicomanie
_xAspect social.
_2ram
650 7 _aDépendance (psychologie)
_2ram
650 4 _aDrogas
_97303
_xAspectos sociales
650 4 _aAdicciones (Psicología)
_925040
650 4 _aAbuso de drogas
_96570
650 4 _aDrogas
_925039
_xAspectos psicológicos
650 4 _aDrogadicción
_925041
700 1 _aLópez Ríos, Francisca
_925042
_ecoordinadora
942 _2lcc
_cBK
946 _aLD